000 00248nam a2200097Ia 4500
001 649612
005 20250826153745.0
008 250824s9999 xx 000 0 und d
245 0 _aGeceleri Gökyüzü
_cMichael Driscoll
260 _bTÜBİTAK YAYINLARI
999 _c649612
_d649612